Responses for Show #8699 - Thursday, September 15, 2022

Luigi de Guzman game 5.

Contestants

[<< previous game]

Gilad Avrahami, a recent college graduate from New York, New York

Annabel Osburn, a contract manager from Austin, Texas

Luigi de Guzman, an attorney from Arlington, Virginia (whose 4-day cash winnings total $115,200)

[next game >>]

Jeopardy! Round responses

LETTER-PERFECT BOOKS
PARTY!
TV TITLE ADJECTIVES
FROM THE SPANISH
CLEANUP
ISLE, 5
    $200 2
(Luigi: What is the Korean War?)

the Vietnam War

LuigiGilad
    $200 7
(Ken: That's a lot of foiled mug thefts.)

Oktoberfest

Luigi
    $200 11
Sunny

Luigi
    $200 1
cargo

Gilad
    $200 21
Hercules

Luigi
    $200 26
Georgia

Gilad
    $400 3
(Annabel: What is Z?)

X

Annabel
Triple Stumper
    $400 9
(Ken: Yes, Carnival.)

Rio de Janeiro

Gilad
    $400 16
Unbreakable

Annabel
    $400 8
loco

Annabel
    $400 22
(Luigi: What is an iron?)

a mop

Luigi
Triple Stumper
    $400 27
(Gilad: What are Medusas?)
...
(Ken: That would be cool, an island full of Medusas. But in this case it was their hair, it's full of [*].)

snakes

Gilad
Triple Stumper
    $1,000 4
(Ken: That's correct, from Wuthering Heights.)

Heathcliff

Gilad
    $600 14
Thailand

Luigi
    $600 17
Gilded

Annabel
    $600 10
rodeo

Annabel
    $600 23
Pulp Fiction

Luigi
    $600 28
Lake Victoria

Luigi
    $800 5
testosterone

Gilad
    $800 15
a gender reveal

Luigi
    $800 18
Unsolved

Annabel
    $800 12
flotilla

Luigi
    $800 24
BP

Gilad
    $800 29
(Luigi: What is Lake S--um, Michigan?)

(Lake) Superior

LuigiAnnabel
    $1000 6
(Luigi: Who is Josephine Baker?)
(Annabel: Who is Zelda?)
(Ken: More specifically?)

Zelda Fitzgerald

LuigiAnnabel
    $1000 20
Montreal

Annabel
    $1000 19
(Ken: Annabel's trying to remember...)

Shameless

Triple Stumper
    $1000 13
savvy

Luigi
    $1000 25
(Ken: Yes, the surprisingly noisy [*], I guess.)

a clownfish

Luigi
    $1000 30
(Ken: Yes, like Yeats...)

Innisfree

Luigi

Scores at the first commercial break (after clue 15):

Luigi Annabel Gilad
$2,400 $1,600 $2,600

Scores at the end of the Jeopardy! Round:

Luigi Annabel Gilad
$4,600 $5,200 $3,200

Double Jeopardy! Round responses

A LITTLE HISTORY
SCIENCE PROJECTS
GO GET "EM"
PHILOSOPHY
SINGERS WHO ACT
HISPANIC HERITAGE HERE
(Ken: Hispanic Heritage Month begins today, in fact.)
    $400 1
the dollar

Luigi
    $400 27
[ERRATUM: "to" appeared twice in error in the clue's wording.]

Manhattan Project

Gilad
    $400 12
to embrace

Luigi
    $400 17
free will

Gilad
    $400 3
Elvis (Presley)

Annabel
    $400 16
Cuba

Annabel
    $800 2
a subway

Annabel
    $6,000 30
(Ken: As you might have guessed, last clue on the board is the second Daily Double and we're running out of time, Luigi.)

Jamestown

Luigi
    $800 13
embers

Annabel
    $800 23
(Gilad: What is egotism?)

cynicism

Gilad
Triple Stumper
    $800 4
[As Luigi rings in his Final Jeopardy! response and wager are displayed.]

Tupac

Luigi
    $800 19
reggaetón

Luigi
    $1200 5
Marie Antoinette

Luigi
    $1200 28
(Annabel: What are whales?)

turtles

AnnabelGilad
    $1200 8
embezzlement

Annabel
    $1200 24
Aristotle

Luigi
    $1200 9
Madonna

Annabel
    $1200 20
Puerto Rico

Luigi
    $1600 6
Plutarch

Luigi
    $1600 18
a radio telescope

Luigi
    $1600 14
empirical evidence

Luigi
    $3,500 25
(Ken: Less than a minute to play now.)

Reason

Luigi
    $1600 10
Whitney Houston

Annabel
    $1600 21
a quinceañera

Luigi
    $2000 7
(Luigi: Who's um... Henry Hudson?)

(Vitus) Bering

LuigiGilad
    $2000 29
Human Genome Project

Luigi
    $2000 15
emeritus

Luigi
    $2000 26
ethics

Luigi
    $2000 11
(Ken: [To Annabel, before reading the clue] I know who you're looking for... Oh, nope.)
[Ken was implying that Annabel was looking for a clue about Lady Gaga, the subject of Annabel's interview story, and then implying that Lady Gaga would not, in fact, be the correct response.]
...
(Ken: Yes, you did very well in that category, despite the lack of Gaga.)
(Annabel: I'll take it.)

David Bowie

Annabel
    $2000 22
Venezuela

Luigi

Scores at the end of the Double Jeopardy! Round:

Luigi Annabel Gilad
$32,500 $12,400 $6,400
(lock game)

[wagering suggestions for these scores]

Final Jeopardy! Round responses

U.S. COLLEGES & UNIVERSITIES
(Ken: [To Luigi] New Jersey Institute of Technology, I assume?)
...
(Ken: These Scottish symbols were chosen to honor the heritage of the founder of [*]--Scotsman Andrew Carnegie.)
GiladWhat is Glasgow?
$6,000
AnnabelWhat is Notre Dame?
$2,600
LuigiWhat is NJIT?
$7,000
Carnegie Mellon

Final scores:

Luigi Annabel Gilad
$25,500 $9,800 $400
5-day champion: $140,700 2nd place: $2,000 3rd place: $1,000

Game dynamics:

Coryat scores:

Luigi Annabel Gilad
$25,400 $12,400 $6,000
28 R
(including 2 DDs),
5 W
16 R,
2 W
11 R
(including 1 DD),
2 W

Combined Coryat: $43,800

[game clues] [game scores] [suggest correction]

Game tape date: 2022-08-02
The J! Archive is created by fans, for fans. Scraping, republication, monetization, and malicious use prohibited; this site may use cookies and collect identifying information. See terms. The Jeopardy! game show and all elements thereof, including but not limited to copyright and trademark thereto, are the property of Jeopardy Productions, Inc. and are protected under law. This website is not affiliated with, sponsored by, or operated by Jeopardy Productions, Inc. Join the discussion at JBoard.tv.